01274cam a22003255i 4500999001700000001001000017003000900027005001700036008004100053020002100094020002400115040004100139082002000180100004300200245007900243264005000322300005400372336002600426337002800452338002700480490002700507500003600534500002300570600006800593600008500661653002700746655001700773942001200790952014600802 c27813d27784010700090EG-ScBUE20191204103224.0990906s1999 enka f d 000 0beng d a0582419905 (pbk) a9780582419902 (pbk) aStDuBDSbengerdacDLCdUkdEG-ScBUE04a822.33bTHO2221 aThomas, Peter,d1946 July 16-eauthor.10aShakespeare page and stage :bapproaches for GCSE English /cPeter Thomas. 1aHarlow :bPearson Educational Limited,c1999. a144 pages :billustrations (some color) ;c27 cm. atextbtxt2rdacontent aunmediatedbn2rdamedia avolumebnc2rdacarrier0 aRoutes through English a"Suitable for NEAB syllabuses." aIncludes glossary.17aShakespeare, William,d1564-1616xHistory and criticism.2BUEsh17aShakespeare, William,d1564-1616xDramatic productionxStudy and teaching2BUEsh bHHUUEENNcNovember2019 vReading book 2ddccBB 00102ddc40708BaccahaMAINbMAINc2NDd2019-11-23ePurchaseg150.00l0o822.33 THOp000048295r2025-07-15 00:00:00v187.50w2019-11-23yBB